American English pronounciation (Record no. 4768)

MARC details
000 -CABECERA
campo de control de longitud fija 01421nam a22002177a 4500
008 - DATOS DE LONGITUD FIJA--INFORMACIÓN GENERAL
campo de control de longitud fija 250618b |||||||| |||| 00| 0 eng d
020 ## - NÚMERO INTERNACIONAL ESTÁNDAR DEL LIBRO
Número Internacional Estándar del Libro 9783825352899
040 ## - FUENTE DE LA CATALOGACIÓN
Centro/agencia transcriptor tbs
041 ## - CÓDIGO DE LENGUA
Código de lengua del texto/banda sonora o título independiente eng
-- ger
050 ## - SIGNATURA TOPOGRÁFICA DE LA BIBLIOTECA DEL CONGRESO
Número de clasificación PE1137
Número de documento/Ítem .S29 2001
100 ## - ENTRADA PRINCIPAL--NOMBRE DE PERSONA
Nombre de persona Sauer, Walter
9 (RLIN) 25514
Término indicativo de función/relación author
245 ## - MENCIÓN DE TÍTULO
Título American English pronounciation
Resto del título : a drillbook
Mención de responsabilidad, etc. / Walter Sauer.
250 ## - MENCIÓN DE EDICIÓN
Mención de edición Fourth edition.
260 ## - PUBLICACIÓN, DISTRIBUCIÓN, ETC.
Lugar de publicación, distribución, etc. Heidelberg, Germany :
Nombre del editor, distribuidor, etc. Universitätsverlag Winter
Fecha de publicación, distribución, etc. 2011.
300 ## - DESCRIPCIÓN FÍSICA
Extensión 128 pages :
Otras características físicas illustrations ;
Dimensiones 21 cm.
490 ## - MENCIÓN DE SERIE
Mención de serie Sprachwissenschaftliche Studienbücher ;
Designación de volumen o secuencia Erste Abteilung.
520 ## - SUMARIO, ETC.
Sumario, etc. 'American English Pronunciation: A Drillbook' is designed to accompany lecture courses on American English phonetics and language laboratory classes in American English pronunciation at university level. It is equally suitable as a self-instructional program for anyone wishing to improve their American English pronunciation. Part I (Pronunciation Practice) provides pronunciation exercises to be used in conjunction with additional audio material (available on request) or following the model of a native speaker. Part II (Transcription Practice) presents model texts for phonetic transcription. In both parts, orthographic text and phonetic script appear on facing pages. Several phonetic puzzles are also included.
650 #0 - PUNTO DE ACCESO ADICIONAL DE MATERIA--TÉRMINO DE MATERIA
Término de materia o nombre geográfico como elemento de entrada English language
Subdivisión general Pronunciation
9 (RLIN) 25516
650 #0 - PUNTO DE ACCESO ADICIONAL DE MATERIA--TÉRMINO DE MATERIA
Término de materia o nombre geográfico como elemento de entrada Americanisms
9 (RLIN) 25515
942 ## - ELEMENTOS DE ENTRADA AGREGADA (KOHA)
Fuente del sistema de clasificación o colocación Clasificación de Library of Congress
Holdings
Estado de retiro Estado de pérdida Fuente del sistema de clasificación o colocación Estado dañado No para préstamo Biblioteca de origen Biblioteca actual Fecha de adquisición Total de préstamos Signatura topográfica completa Código de barras Fecha visto por última vez Número de copia Precio válido a partir de Tipo de ítem Koha
    Clasificación de Library of Congress     TBS Barcelona TBS Barcelona 18/06/2025   P-EN LEARN SAU B05766 18/06/2025 1 18/06/2025 Teach Yourself English

Powered by Koha